Corporate Logos: Europe Quiz Stats

Quiz Updated Dec 23, 2014

Also try: Corporate Logos
Challenge
Share
Tweet
Score 0/18 Timer 05:00
2 Plays Today
% Correct
Shell
99.2%
Puma
93.2%
Volkswagen
91.8%
Michelin
90.5%
Heineken
83.3%
Ferrari
80.5%
Chanel
75.2%
Dolce & Gabbana
67.2%
Nestlé
63.8%
% Correct
Lufthansa
57.5%
Vodafone
54.7%
Barclays
48.8%
Danone
28.8%
Gazprom
27%
Tissot
26.5%
Philips
21.9%
Deutsche Bank
18.5%
Rovio
10.3%

You're not logged in!

Compare scores with friends on all Sporcle quizzes.
Join for Free
OR
Log In

You Might Also Like...

Show Comments

Extras

Top Quizzes Today


Score Distribution

Your Account Isn't Verified!

In order to create a playlist on Sporcle, you need to verify the email address you used during registration. Go to your Sporcle Settings to finish the process.

Report this User

Report this user for behavior that violates our Community Guidelines.

Details: